| 000 | 01421nam a22003374a 4500 | ||
|---|---|---|---|
| 001 | ebr10257008 | ||
| 003 | CaPaEBR | ||
| 006 | m u | ||
| 007 | cr cn||||||||| | ||
| 008 | 031124s2004 enk sb 001 0 eng | ||
| 010 | _z 2003025829 | ||
| 020 | _z0851998313 (alk. paper) | ||
| 040 |
_aCaPaEBR _cCaPaEBR |
||
| 035 | _a(OCoLC)57205154 | ||
| 050 | 1 | 4 |
_aS561 _b.H2335 2004eb |
| 082 | 0 | 4 |
_a630/.685 _222 |
| 245 | 0 | 0 |
_aCoping with risk in agriculture _h[electronic resource] / _cJ.Brian Hardaker ... [et al.]. |
| 250 | _a2nd ed. | ||
| 260 |
_aWallingford, Oxfordshire ; _aCambridge, MA : _bCABI Pub., _cc2004. |
||
| 300 | _axii, 332 p. | ||
| 500 | _aRev. ed. of: Coping with risk in agriculture / J. Brian Hardaker, Ruud B.M. Huirne, and Jock R. Anderson. c1997. | ||
| 504 | _aIncludes bibliographical references (p. 309-319) and index. | ||
| 533 |
_aElectronic reproduction. _bPalo Alto, Calif. : _cebrary, _d2013. _nAvailable via World Wide Web. _nAccess may be limited to ebrary affiliated libraries. |
||
| 650 | 0 |
_aFarm management _xDecision making. |
|
| 650 | 0 |
_aFarm management _xRisk assessment. |
|
| 655 | 7 |
_aElectronic books. _2local |
|
| 700 | 1 | _aHardaker, J. B. | |
| 700 | 1 |
_aHardaker, J. B. _tCoping with risk in agriculture. |
|
| 710 | 2 | _aebrary, Inc. | |
| 856 | 4 | 0 |
_uhttp://site.ebrary.com/lib/rucke/Doc?id=10257008 _zAn electronic book accessible through the World Wide Web; click to view |
| 999 |
_c13498 _d13498 |
||